Bibliografia slovenských kníh 1919-1938 Abecedomenná časť 1. Definitívne popisy kníh Časť 1/7 Písmeno Le-Mi.

Bibliographic Details
Format: Book
Language:Slovak
PhysicalDescription:S. [1], 1501-1750 Prieč. 4°
Published: Martin Matica slovenská 1965
Edition:Provizórne vyd.

MARC

LEADER 00000nam a2200000 a 4500
001 vtls001301238
003 SK-MaSNL
005 20260224105805.0
008 210928s1965 xo 0 slo
035 |a SNK000253248 
040 |a SNK  |b slo  |c SNK  |e AACR2 
044 |a xo  |c SK 
245 1 |a Bibliografia slovenských kníh 1919-1938  |n Abecedomenná časť 1.  |p Definitívne popisy kníh  |n Časť 1/7  |p Písmeno Le-Mi. 
250 |a Provizórne vyd. 
260 |a Martin  |b Matica slovenská  |c 1965 
300 |a S. [1], 1501-1750  |c Prieč. 4° 
958 |a OND 
999 |c 973680  |d 975610 
952 |t P60, <04>, [BOOK], {604}  |a SNK  |b SNK  |y VYP  |7 0  |o snkOSB 322/1/7  |i snkKSP 1698/66  |0 0  |1 0  |4 0  |d 1997-09-05  |l 0  |r 2005-01-02 00:00:00  |w 2026-02-24 
952 |t P60, <04>, [BOOK], {604}  |a SNK  |b SNK  |y VYP  |7 0  |o snkOSB 322/1/7 D1  |i snkKSP 1699/66  |0 0  |1 0  |4 0  |d 1997-09-05  |l 0  |r 2005-01-02 00:00:00  |w 2026-02-24 
952 |t P60, <04>, [BOOK], {604}  |a SNK  |b SNK  |y VYP  |7 0  |o snkOSB 322/1/7 D2  |i snkKSP 1700/66  |0 0  |1 0  |4 0  |d 1997-09-05  |l 0  |r 2005-01-02 00:00:00  |w 2026-02-24